Countries Who Won Silver During the 2026 Olympics - Statistics

General Stats
  • This quiz has been taken 14 times
  • The average score is 18 of 24
Answer Stats
Silver Medals Country % Correct
10 Germany
100%
12 Norway
100%
6 Sweden
100%
7 Canada
90%
1 Denmark
90%
1 Finland
90%
6 Italy
90%
3 Poland
90%
2 Australia
80%
8 Austria
80%
4 China
80%
7 Japan
80%
9 Switzerland
80%
1 United Kingdom
80%
12 United States
80%
9 France
70%
7 Netherlands
70%
4 South Korea
70%
1 Slovenia
60%
2 Czech Republic
50%
2 New Zealand
50%
1 Latvia
40%
1 Estonia
30%
1 Georgia
10%
No matching quizzes found
Score Distribution
Percent of People with Each Score
Percentile by Number Answered
Your Score History
You have not taken this quiz